SUPPLY CHAIN MANAGEMENT (Record no. 14254)
[ view plain ]
| 000 -LEADER | |
|---|---|
| fixed length control field | 00281nam a22001457a 4500 |
| 003 - CONTROL NUMBER IDENTIFIER | |
| control field | SGT |
| 020 ## - INTERNATIONAL STANDARD BOOK NUMBER | |
| International Standard Book Number | 658.5 |
| 082 ## - DEWEY DECIMAL CLASSIFICATION NUMBER | |
| Classification number | SHA |
| 100 ## - MAIN ENTRY--PERSONAL NAME | |
| Personal name | SHAH, JANAT |
| 245 ## - TITLE STATEMENT | |
| Title | SUPPLY CHAIN MANAGEMENT |
| 250 ## - EDITION STATEMENT | |
| Edition statement | 2ND |
| 260 ## - PUBLICATION, DISTRIBUTION, ETC. (IMPRINT) | |
| Place of publication, distribution, etc | PEARSON INDIA |
| Year of Publication | 2017 |
| 300 ## - PAGE DESCRIPTION | |
| No. of Pages | 480 |
| 942 ## - ADDED ENTRY ELEMENTS (KOHA) | |
| Source of classification or shelving scheme | Dewey Decimal Classification |
| Koha item type | Books |
No items available.